| 000 | 00429nam a22001697a 4500 | ||
|---|---|---|---|
| 003 | SGT | ||
| 020 | _a9788131267677 | ||
| 082 |
_a617.96 _bS22H |
||
| 100 | _aHINES, ROBERTA L. | ||
| 245 | _aSTOELTING'S ANESTHESIA & CO-EXISTING DISEASE | ||
| 250 | _a4TH SA | ||
| 260 |
_aINDIA _bELSEVIER PUB _c2022 |
||
| 300 | _a742 | ||
| 650 | _aANESTHESIOLOGY | ||
| 653 | _aSTOELTING'S ANESTHESIA & CO-EXISTING DISEASE | ||
| 942 |
_2ddc _cBK |
||
| 999 |
_c30654 _d30654 |
||